[Event "Reykjavik op"]
[Site "Reykjavik"]
[Date "2009.03.27"]
[Round "4"]
[White "Olafsson, Thorvadur F"]
[Black "Einarsson, Einar Kristinn"]
[Result "1-0"]
[WhiteElo "2182"]
[BlackElo "2065"]
[PlyCount "93"]
[EventDate "2009.03.24"]
[EventType "swiss"]
[EventRounds "9"]
[EventCountry "ISL"]
[SourceTitle "CBM 129 Extra"]
[Source "ChessBase"]
[SourceDate "2009.05.05"]
[SourceVersion "2"]
[SourceVersionDate "2009.05.20"]
[SourceQuality "1"]

1. e4 c5 2. Nf3 b6 3. d4 cxd4 4. Nxd4 Bb7 5. Nc3 a6 6. Bd3 g6 7. Be3 Bg7 8. Qd2 Qc7 9. f3 e6 10. Qf2 d6 11. Nde2 Nd7 12. Bd4 e5 13. Be3 Ne7 14. Qh4 b5 15. a3 Nc5 16. Bh6 0-0 17. Bxg7 Kxg7 18. Qf2 d5 19. b4 Nxd3+ 20. cxd3 d4 21. Na2 f5 22. 0-0 fxe4 23. dxe4 Bxe4 24. Nxd4 Bd5 25. Nc2 Bc4 26. Rfe1 Bd3 27. Rac1 Qd6 28. Qc5 Qxc5+ 29. bxc5 Kf6 30. Ncb4 Bc4 31. Nc3 Nf5 32. Nbd5+ Kg7 33. Rxe5 Nd4 34. Rd1 Nc6 35. Re6 Rac8 36. Rd6 Ne5 37. Ne4 Bd3 38. Ng5 Rfe8 39. Nb6 Rxc5 40. Ne6+ Rxe6 41. Rxe6 Bc2 42. Rd5 Rc3 43. Rdxe5 Rxa3 44. Re7+ Kh6 45. Nd5 g5 46. Ne3 Bg6 47. g4 1-0

[Event "Reykjavik op"]
[Site "Reykjavik"]
[Date "2009.03.24"]
[Round "1"]
[White "Einarsson, Einar Kristinn"]
[Black "Shytaj, Luca"]
[Result "0-1"]
[WhiteElo "2065"]
[BlackElo "2453"]
[PlyCount "110"]
[EventDate "2009.03.24"]
[EventType "swiss"]
[EventRounds "9"]
[EventCountry "ISL"]
[SourceTitle "CBM 129 Extra"]
[Source "ChessBase"]
[SourceDate "2009.05.05"]
[SourceVersion "2"]
[SourceVersionDate "2009.05.20"]
[SourceQuality "1"]

1. d4 Nf6 2. Bg5 e6 3. e4 h6 4. Bxf6 Qxf6 5. Nc3 Bb4 6. Qd2 d6 7. a3 Ba5 8. Nf3 Nd7 9. Be2 c6 10. 0-0 Bc7 11. Rad1 0-0 12. d5 cxd5 13. exd5 e5 14. Bd3 a6 15. Ne4 Qd8 16. Ng3 Nc5 17. Bf5 Bxf5 18. Nxf5 Qf6 19. Ng3 b5 20. Qb4 Qg6 21. Nxe5 Qxc2 22. Nc6 Rfe8 23. Qg4 Qg6 24. Qxg6 fxg6 25. b4 Nd7 26. f3 Bb6+ 27. Kh1 Nf6 28. Rfe1 Bf2 29. Re6 Kf7 30. Rxf6+ gxf6 31. Ne4 Rxe4 32. fxe4 Bb6 33. g4 Re8 34. Re1 h5 35. gxh5 gxh5 36. Kg2 Rg8+ 37. Kf3 h4 38. Re2 h3 39. Rc2 Rg1 40. Ra2 Rc1 41. a4 Bg1 42. a5 Rb1 43. Ra3 Bxh2 44. Kg4 Be5 45. Rxh3 Rg1+ 46. Kf3 Rf1+ 47. Ke3 Rb1 48. Rh7+ Kg6 49. Ra7 Rb3+ 50. Kd2 Kg5 51. Rxa6 Kf4 52. Rb6 Kxe4 53. a6 Ra3 54. Na5 Bc3+ 55. Kc2 Bxb4 0-1

[Event "Reykjavik Edda rapid"]
[Site "Reykjavik"]
[Date "2003.03.03"]
[Round "1"]
[White "Einarsson, Einar Kristinn"]
[Black "Bergsson, Snorri"]
[Result "1/2-1/2"]
[WhiteElo "2096"]
[BlackElo "2277"]
[PlyCount "68"]
[EventDate "2003.03.03"]
[EventType "swiss (rapid)"]
[EventRounds "9"]
[EventCountry "ISL"]
[SourceTitle "CBM 093 Extra"]
[Source "ChessBase"]
[SourceDate "2003.05.09"]
[SourceVersion "1"]
[SourceVersionDate "2003.05.09"]
[SourceQuality "1"]

1. c4 c6 2. e4 e5 3. Nc3 Nf6 4. g3 Bc5 5. Bg2 Na6 6. Nge2 Nc7 7. Qb3 Ng4 8. Nd1 Ne6 9. Ne3 Nh6 10. 0-0 0-0 11. Qd3 d6 12. a3 a5 13. b3 f5 14. exf5 Nd4 15. Bb2 Nhxf5 16. Be4 Qg5 17. Nxd4 Bxd4 18. Bxd4 Nxd4 19. Nc2 Nxc2 20. Qxc2 Bh3 21. Bg2 Bf5 22. Be4 Bh3 23. Bg2 Bxg2 24. Kxg2 Rf4 25. Rae1 Rd4 26. d3 Rf8 27. Re4 Rf4 28. Qe2 Rfxe4 29. dxe4 Rd2 30. Qe1 Rb2 31. Qc3 Qd2 32. Qxd2 Rxd2 33. Re1 Kf7 34. Re3 Ke7 1/2-1/2

[Event "Reykjavik op"]
[Site "Reykjavik"]
[Date "2002.03.13"]
[Round "7"]
[White "Thorsteinsson, Erlingur"]
[Black "Einarsson, Einar Kristinn"]
[Result "1/2-1/2"]
[WhiteElo "2142"]
[BlackElo "2107"]
[PlyCount "104"]
[EventDate "2002.03.07"]
[EventType "swiss"]
[EventRounds "9"]
[EventCountry "ISL"]
[SourceTitle "CBM 087 Extra"]
[Source "ChessBase"]
[SourceDate "2002.05.03"]
[SourceVersion "2"]
[SourceVersionDate "2002.08.09"]
[SourceQuality "1"]

1. Nf3 Nf6 2. b3 e6 3. Bb2 b6 4. c4 c5 5. e3 Bb7 6. d4 d6 7. Bd3 Nbd7 8. Nbd2 Be7 9. 0-0 0-0 10. Rc1 Rc8 11. Qe2 Qc7 12. Bb1 Rfd8 13. Rfd1 Qb8 14. e4 cxd4 15. Nxd4 a6 16. a4 Bf8 17. Re1 Nc5 18. Bc2 d5 19. cxd5 exd5 20. e5 Nfe4 21. Nf1 Re8 22. Qg4 Qxe5 23. Nf5 Qe6 24. Bxg7 Qg6 25. Bxf8 Qxg4 26. Nh6+ Kxf8 27. Nxg4 Nc3 28. Ng3 d4 29. Rxe8+ Rxe8 30. f3 h5 31. Nf6 h4 32. Nxe8 hxg3 33. Re1 d3 34. Bxd3 Nxd3 35. Re3 Nd5 36. Rxd3 gxh2+ 37. Kxh2 Kxe8 38. g4 Ke7 39. Kg3 Nc7 40. Re3+ Ne6 41. f4 Kf6 42. b4 Nd4 43. Re8 b5 44. axb5 axb5 45. Re1 Bd5 46. Kf2 Bc4 47. Rd1 Ne2 48. Kf3 Nc3 49. Rd2 Nd5 50. Rb2 Kg6 51. Ke4 f5+ 52. gxf5+ Kf6 1/2-1/2

[Event "Reykjavik op"]
[Site "Reykjavik"]
[Date "2002.03.09"]
[Round "3"]
[White "Johannesson, Ingvar Thor"]
[Black "Einarsson, Einar Kristinn"]
[Result "1-0"]
[WhiteElo "2267"]
[BlackElo "2107"]
[PlyCount "67"]
[EventDate "2002.03.07"]
[EventType "swiss"]
[EventRounds "9"]
[EventCountry "ISL"]
[SourceTitle "CBM 087 Extra"]
[Source "ChessBase"]
[SourceDate "2002.05.03"]
[SourceVersion "2"]
[SourceVersionDate "2002.08.09"]
[SourceQuality "1"]

1. f4 e5 2. fxe5 d6 3. exd6 Bxd6 4. Nf3 Bg4 5. e4 Qe7 6. Nc3 Nf6 7. d3 Nc6 8. Be2 Bxf3 9. Bxf3 h5 10. Be3 0-0-0 11. Qe2 Be5 12. a3 Kb8 13. Nd5 Nxd5 14. exd5 Bd4 15. dxc6 Bxe3 16. Be4 Qg5 17. h4 Qg3+ 18. Kd1 Rhe8 19. Rh3 Qe5 20. Rxe3 f5 21. c3 fxe4 22. d4 bxc6 23. Kc2 Qd5 24. Re1 c5 25. Qb5+ Qb7 26. Qxb7+ Kxb7 27. dxc5 Kc6 28. Rxe4 Rxe4 29. Rxe4 Rd5 30. b4 Rf5 31. Kd3 Rf2 32. Re6+ Kb5 33. c4+ Ka4 34. Kc3 1-0

[Event "Reykjavik op"]
[Site "Reykjavik"]
[Date "2002.03.07"]
[Round "1"]
[White "Holmsten, Aleksei"]
[Black "Einarsson, Einar Kristinn"]
[Result "1-0"]
[WhiteElo "2420"]
[BlackElo "2107"]
[PlyCount "69"]
[EventDate "2002.03.07"]
[EventType "swiss"]
[EventRounds "9"]
[EventCountry "ISL"]
[SourceTitle "CBM 087 Extra"]
[Source "ChessBase"]
[SourceDate "2002.05.03"]
[SourceVersion "2"]
[SourceVersionDate "2002.08.09"]
[SourceQuality "1"]

1. e4 Nf6 2. e5 Nd5 3. d4 d6 4. c4 Nb6 5. exd6 cxd6 6. Nc3 g6 7. Be3 Bg7 8. Rc1 0-0 9. b3 Nc6 10. Be2 Bf5 11. d5 Nb4 12. a3 Na6 13. Nf3 Bg4 14. Bd4 Bh6 15. Rb1 Bf5 16. Bd3 Bxd3 17. Qxd3 Nc5 18. Bxc5 dxc5 19. 0-0 Bg7 20. Rbd1 Qd7 21. Ne4 Qc7 22. h4 Bb2 23. h5 Qf4 24. Nxc5 Bxa3 25. Nxb7 Rab8 26. Na5 Nd7 27. Nc6 Rb7 28. Rfe1 Nf6 29. hxg6 hxg6 30. g3 Qg4 31. Kg2 Kg7 32. Rh1 Bc5 33. Qd2 Nh5 34. Rh4 Qd7 35. Rxh5 1-0

[Event "Reykjavik op 19th"]
[Site "Reykjavik"]
[Date "2000.04.13"]
[Round "9"]
[White "Einarsson, Einar Kristinn"]
[Black "Lagerman, Robert"]
[Result "1/2-1/2"]
[WhiteElo "2111"]
[BlackElo "2356"]
[PlyCount "91"]
[EventDate "2000.04.05"]
[EventType "swiss"]
[EventRounds "9"]
[EventCountry "ISL"]
[SourceTitle "CBM 075 Extra"]
[Source "ChessBase"]
[SourceDate "2000.05.11"]
[SourceVersion "2"]
[SourceVersionDate "2000.05.11"]
[SourceQuality "1"]

1. e4 e5 2. Nc3 Nf6 3. g3 d5 4. exd5 Nxd5 5. Bg2 Nxc3 6. bxc3 Bc5 7. Ne2 Nc6 8. d3 Be6 9. 0-0 Bd5 10. Bd2 Bxg2 11. Kxg2 Qd5+ 12. Kg1 h5 13. c4 Qe6 14. Be3 Bxe3 15. fxe3 h4 16. Qe1 hxg3 17. Nxg3 g6 18. Rb1 0-0-0 19. Ne4 Rh3 20. Rf2 Qe7 21. Qf1 Qh4 22. Qg2 Rxe3 23. Nc5 Rd4 24. Kh1 Rf4 25. Qd5 Qd8 26. Rxf4 exf4 27. Qxf7 Qe7 28. Qxe7 Rxe7 29. Nxb7 Re2 30. Nc5 Nd4 31. Rf1 f3 32. c3 Nf5 33. Ne4 Nh4 34. Kg1 Rg2+ 35. Kh1 Rxa2 36. Ng5 f2 37. Ne4 Rc2 38. Nxf2 Rxc3 39. h3 a5 40. Ra1 Rc2 41. Kg1 Nf3+ 42. Kf1 Nd4 43. Rxa5 Ne6 44. Re5 Kd7 45. Ne4 Nf4 46. Nf6+ 1/2-1/2

[Event "Reykjavik op 19th"]
[Site "Reykjavik"]
[Date "2000.04.11"]
[Round "7"]
[White "Einarsson, Einar Kristinn"]
[Black "Schulz, Michael2222"]
[Result "0-1"]
[WhiteElo "2111"]
[BlackElo "2076"]
[PlyCount "116"]
[EventDate "2000.04.05"]
[EventType "swiss"]
[EventRounds "9"]
[EventCountry "ISL"]
[SourceTitle "CBM 075 Extra"]
[Source "ChessBase"]
[SourceDate "2000.05.11"]
[SourceVersion "2"]
[SourceVersionDate "2000.05.11"]
[SourceQuality "1"]

1. d4 Nf6 2. Bg5 Ne4 3. Bh4 c5 4. f3 Nf6 5. c3 Qb6 6. Qd2 d5 7. dxc5 Qxc5 8. Bf2 Qc7 9. Na3 a6 10. g4 e6 11. Bg3 Qa5 12. Nc2 Nc6 13. e3 e5 14. c4 Qxd2+ 15. Kxd2 Be6 16. g5 Nh5 17. cxd5 Bxd5 18. e4 Be6 19. Bh3 Be7 20. Bxe6 fxe6 21. Nh3 0-0 22. Ke2 Bc5 23. Nf2 Be7 24. Nh3 Rac8 25. Rac1 Nf4+ 26. Bxf4 exf4 27. Rhd1 Rc7 28. Ne1 e5 29. Nd3 Rfc8 30. a3 Kf7 31. Rc3 Nd4+ 32. Kf2 Rxc3 33. Nxe5+ Ke6 34. bxc3 Rxc3 35. Nd3 Rc2+ 36. Kf1 Nxf3 37. Ndxf4+ Ke5 38. Nd5 Bc5 39. Nb4 Nxh2+ 40. Ke1 Bxb4+ 41. axb4 Nf3+ 42. Kf1 Nd2+ 43. Ke1 Nxe4 44. Rd7 Rh2 45. Ng1 Rb2 46. Nf3+ Kf4 47. Nd4 Rxb4 48. Ne6+ Ke3 49. Kd1 Rb6 50. Re7 Rd6+ 51. Kc1 Rc6+ 52. Kb2 Kd2 53. Nd4 Rb6+ 54. Nb3+ Kd3 55. Rd7+ Ke3 56. Re7 Kf4 57. Ka3 Nxg5 58. Rxg7 h5 0-1

[Event "Reykjavik op 19th"]
[Site "Reykjavik"]
[Date "2000.04.10"]
[Round "6"]
[White "Gunnarsson, Jon Viktor"]
[Black "Einarsson, Einar Kristinn"]
[Result "1-0"]
[WhiteElo "2400"]
[BlackElo "2111"]
[PlyCount "81"]
[EventDate "2000.04.05"]
[EventType "swiss"]
[EventRounds "9"]
[EventCountry "ISL"]
[SourceTitle "CBM 075 Extra"]
[Source "ChessBase"]
[SourceDate "2000.05.11"]
[SourceVersion "2"]
[SourceVersionDate "2000.05.11"]
[SourceQuality "1"]

1. e4 Nf6 2. e5 Nd5 3. c4 Nb6 4. d4 d6 5. f4 dxe5 6. fxe5 Nc6 7. Be3 Bf5 8. Nc3 e6 9. Be2 Be7 10. Nf3 0-0 11. 0-0 f6 12. exf6 Bxf6 13. h3 h6 14. Qd2 Qe7 15. Rfd1 Kh8 16. Kh1 Rad8 17. Rac1 Nxd4 18. Nxd4 Bxd4 19. Bxd4 c5 20. Qxh6+ Kg8 21. Bxg7 Qxg7 22. Qxg7+ Kxg7 23. b3 Nd7 24. g4 Bg6 25. Kg2 Ne5 26. Rxd8 Rxd8 27. Rd1 Rf8 28. Kg3 Rf7 29. h4 Nc6 30. h5 Bh7 31. g5 Bf5 32. h6+ Kh7 33. Bh5 Bg6 34. Bxg6+ Kxg6 35. Ne4 Nd4 36. Kg4 Nf5 37. Rd8 Ne3+ 38. Kh3 Rf3+ 39. Kh2 Ng4+ 40. Kg2 Rf5 41. Rg8+ 1-0

[Event "Reykjavik op 19th"]
[Site "Reykjavik"]
[Date "2000.04.08"]
[Round "4"]
[White "Kleinert, Juergen"]
[Black "Einarsson, Einar Kristinn"]
[Result "0-1"]
[WhiteElo "2188"]
[BlackElo "2111"]
[PlyCount "62"]
[EventDate "2000.04.05"]
[EventType "swiss"]
[EventRounds "9"]
[EventCountry "ISL"]
[SourceTitle "CBM 075 Extra"]
[Source "ChessBase"]
[SourceDate "2000.05.11"]
[SourceVersion "2"]
[SourceVersionDate "2000.05.11"]
[SourceQuality "1"]

1. e4 Nf6 2. Nc3 e5 3. f4 d5 4. fxe5 Nxe4 5. Nf3 Bg4 6. d3 Nxc3 7. bxc3 d4 8. Be2 Nc6 9. Nxd4 Bxe2 10. Nxe2 Nxe5 11. 0-0 Bd6 12. Ng3 Qd7 13. d4 Ng6 14. Nf5 f6 15. Qe2+ Kd8 16. Rb1 Kc8 17. c4 c6 18. Nxd6+ Qxd6 19. c3 Kc7 20. Qb2 Rab8 21. h4 h5 22. Qc2 Qg3 23. Rf3 Qg4 24. Be3 Nxh4 25. Bf4+ Kc8 26. Rf2 Nxg2 27. Rxg2 Qxf4 28. Rxg7 Re8 29. Qg2 Qe4 30. Qg3 Qxb1+ 31. Kh2 Re2+ 0-1

[Event "Reykjavik op 19th"]
[Site "Reykjavik"]
[Date "2000.04.06"]
[Round "2"]
[White "Bjornsson, Tomas"]
[Black "Einarsson, Einar Kristinn"]
[Result "1-0"]
[WhiteElo "2224"]
[BlackElo "2111"]
[PlyCount "66"]
[EventDate "2000.04.05"]
[EventType "swiss"]
[EventRounds "9"]
[EventCountry "ISL"]
[SourceTitle "CBM 075 Extra"]
[Source "ChessBase"]
[SourceDate "2000.05.11"]
[SourceVersion "2"]
[SourceVersionDate "2000.05.11"]
[SourceQuality "1"]

1. e4 Nf6 2. e5 Nd5 3. d4 d6 4. c4 Nb6 5. exd6 cxd6 6. Nf3 g6 7. Be2 Bg7 8. h3 Nc6 9. 0-0 0-0 10. Nc3 Bf5 11. b3 d5 12. Be3 dxc4 13. bxc4 e5 14. d5 Na5 15. c5 e4 16. Nd4 Nxd5 17. Nxd5 Qxd5 18. Nxf5 Qxf5 19. Rb1 Rab8 20. Rb5 Nc6 21. Qb1 Bd4 22. Bh6 Rfd8 23. Rxb7 Bxc5 24. Bg4 Rxb7 25. Qxb7 Qf6 26. Qb5 Qd6 27. Rc1 Bxf2+ 28. Kxf2 Ne5 29. Be2 Qf6+ 30. Kg1 g5 31. Rf1 Nf3+ 32. Bxf3 Qxh6 33. Bxe4 Qd6 1-0

[Event "Gudmundur Arason op 4th"]
[Site "Hafnarfjordur"]
[Date "1998.12.18"]
[Round "5"]
[White "Olafsson, Thorvadur F"]
[Black "Einarsson, Einar Kristinn"]
[Result "0-1"]
[WhiteElo "2050"]
[BlackElo "2125"]
[PlyCount "94"]
[EventDate "1998.12.??"]
[EventType "swiss"]
[EventRounds "9"]
[EventCountry "ISL"]
[SourceTitle "EXT 2000"]
[Source "ChessBase"]
[SourceDate "1999.11.16"]
[SourceVersion "1"]
[SourceVersionDate "1999.11.16"]
[SourceQuality "1"]

1. e4 Nf6 2. e5 Nd5 3. c4 Nb6 4. c5 Nd5 5. Nc3 Nxc3 6. dxc3 e6 7. Be3 Nc6 8. Nf3 b6 9. Bb5 Bb7 10. cxb6 axb6 11. 0-0 Be7 12. Bd3 f6 13. exf6 Bxf6 14. Ng5 Qe7 15. Nxh7 0-0-0 16. Bg6 Ne5 17. Qc2 Rxh7 18. Bxh7 g6 19. Bxg6 Rg8 20. Be4 d5 21. Bf5 exf5 22. Qxf5+ Kb8 23. Bd4 Bc8 24. Qf4 Bh3 25. Rfe1 Bxg2 26. Rxe5 Bh3+ 27. Kh1 Bg2+ 28. Kg1 Bxe5 29. Qxe5 Bf3+ 30. Kf1 Qd7 31. a4 Qh3+ 32. Ke1 Rg1+ 33. Kd2 Rxa1 34. Bxb6 Qd7 35. Bxc7+ Qxc7 36. Qe8+ Ka7 37. Qe3+ Qb6 38. Qxf3 Qxb2+ 39. Kd3 Qb1+ 40. Ke3 Qc1+ 41. Kd4 Rxa4+ 42. Kxd5 Qd2+ 43. Ke5 Qg5+ 44. Ke6 Ra6+ 45. Kd7 Qg7+ 46. Kc8 Qg8+ 47. Kd7 Qe6+ 0-1

[Event "Gudmundur Arason op 4th"]
[Site "Hafnarfjordur"]
[Date "1998.12.14"]
[Round "1"]
[White "Sammalvuo, Tapani"]
[Black "Einarsson, Einar Kristinn"]
[Result "1-0"]
[WhiteElo "2410"]
[BlackElo "2125"]
[PlyCount "29"]
[EventDate "1998.12.??"]
[EventType "swiss"]
[EventRounds "9"]
[EventCountry "ISL"]
[SourceTitle "EXT 2000"]
[Source "ChessBase"]
[SourceDate "1999.11.16"]
[SourceVersion "1"]
[SourceVersionDate "1999.11.16"]
[SourceQuality "1"]

1. d4 d5 2. c4 e6 3. Nc3 c6 4. Nf3 f5 5. Bf4 Nf6 6. e3 Be7 7. Qc2 0-0 8. h3 Ne4 9. g4 Nd7 10. gxf5 exf5 11. cxd5 cxd5 12. Nxd5 Qa5+ 13. Nd2 Bh4 14. b4 Qa3 15. Nb1 1-0

[Event "VISA GP"]
[Site "Reykjavik"]
[Date "1998.03.13"]
[Round "4"]
[White "Einarsson, Einar Kristinn"]
[Black "Gunnarsson, Jon Viktor"]
[Result "1/2-1/2"]
[WhiteElo "2085"]
[BlackElo "2390"]
[PlyCount "170"]
[EventDate "1998.03.10"]
[EventType "swiss"]
[EventRounds "9"]
[EventCountry "ISL"]
[SourceTitle "CBM 064"]
[Source "ChessBase"]
[SourceDate "1998.06.02"]
[SourceVersion "1"]
[SourceVersionDate "1998.06.02"]
[SourceQuality "1"]

1. e4 e5 2. Nc3 Nf6 3. g3 Bc5 4. Bg2 d6 5. Nge2 c6 6. Na4 Bb4 7. a3 Ba5 8. b4 Bc7 9. d4 Qe7 10. dxe5 dxe5 11. Be3 Nbd7 12. c4 0-0 13. 0-0 Rd8 14. Qc2 Ng4 15. Bd2 Nb6 16. Nxb6 axb6 17. h3 Nf6 18. Be3 Be6 19. Rfc1 Ne8 20. c5 bxc5 21. bxc5 f6 22. Nc3 Qf7 23. Rcb1 Ba5 24. Bf1 f5 25. exf5 Bxf5 26. Ne4 Kh8 27. Ng5 Qg6 28. Qb3 Rd7 29. Bc4 Bxb1 30. Rxb1 Nc7 31. Nf7+ Rxf7 32. Bxf7 Qf6 33. Bc4 Rf8 34. Rd1 Qf3 35. Qd3 h6 36. Bb3 e4 37. Qd4 Nb5 38. Qe5 Bc7 39. Qb2 Bxg3 40. Rd7 Nc3 41. Bd4 Rf6 42. Bxf6 gxf6 43. Bc4 b5 44. Qd2 Bxf2+ 45. Qxf2 bxc4 46. Qxf3 exf3 47. Rd2 Na4 48. Rc2 c3 49. Kf2 Kg7 50. Kxf3 Kg6 51. Ke3 Kg5 52. Kd4 f5 53. Kc4 Kf4 54. Kb4 Nb2 55. Rxc3 Nd1 56. Rd3 Ne3 57. a4 Ke4 58. Rxe3+ Kxe3 59. a5 f4 60. a6 f3 61. a7 f2 62. a8Q f1Q 63. Qxc6 Qxh3 64. Qe8+ Kf2 65. c6 Qg4+ 66. Kc5 Qf4 67. Qd7 Qc1+ 68. Kd6 Qf4+ 69. Ke7 Qg5+ 70. Kf7 Qh5+ 71. Kf8 Qc5+ 72. Kg7 Qc3+ 73. Kxh6 Qe3+ 74. Kg6 Kg1 75. Qd1+ Kf2 76. Qc2+ Kg1 77. c7 Qe6+ 78. Kg5 Qe5+ 79. Kg4 Qg7+ 80. Kf3 Qf6+ 81. Ke3 Qe5+ 82. Kd2 Qf4+ 83. Kd1 Qf1+ 84. Kd2 Qf4+ 85. Kd3 Qg3+ 1/2-1/2

[Event "VISA GP"]
[Site "Reykjavik"]
[Date "1998.03.12"]
[Round "3"]
[White "Gunnarsson, Arnar"]
[Black "Einarsson, Einar Kristinn"]
[Result "0-1"]
[WhiteElo "2195"]
[BlackElo "2085"]
[PlyCount "124"]
[EventDate "1998.03.10"]
[EventType "swiss"]
[EventRounds "9"]
[EventCountry "ISL"]
[SourceTitle "CBM 064"]
[Source "ChessBase"]
[SourceDate "1998.06.02"]
[SourceVersion "1"]
[SourceVersionDate "1998.06.02"]
[SourceQuality "1"]

1. c4 f5 2. Nc3 Nf6 3. Nf3 e6 4. g3 Be7 5. Bg2 0-0 6. 0-0 d6 7. d4 a5 8. b3 Ne4 9. Na4 b6 10. Ne1 Bb7 11. f3 Nf6 12. Nd3 d5 13. c5 b5 14. Nab2 Nc6 15. Nf4 Qd7 16. Nbd3 b4 17. Be3 g5 18. Nh3 h6 19. Qd2 Ba6 20. Nhf2 Nh5 21. g4 Ng7 22. f4 Bf6 23. gxf5 Nxf5 24. Ne5 Bxe5 25. fxe5 Nxe3 26. Qxe3 Rf4 27. Nh3 Rxf1+ 28. Rxf1 Rf8 29. Rxf8+ Kxf8 30. Nf2 Qf7 31. Bh3 Ke7 32. Nd3 Qg6 33. Bg2 Qf5 34. Bf3 Bxd3 35. exd3 Qf4 36. Qxf4 gxf4 37. Kf2 Nxd4 38. Bg4 Nc6 39. Kf3 Nxe5+ 40. Kxf4 Nxd3+ 41. Ke3 Nxc5 42. Kd4 Nd7 43. Bh3 c5+ 44. Ke3 Kf6 45. Kd3 Ne5+ 46. Ke3 Ng6 47. Bg2 Ke5 48. Bf1 Kf6 49. Bg2 Kg5 50. Bf3 Kf5 51. Bg2 Nf4 52. Bf1 e5 53. Bb5 d4+ 54. Kf2 e4 55. Bc4 Nd3+ 56. Kg3 Nc1 57. Kh4 d3 58. Kh5 d2 59. Kxh6 d1Q 60. h4 Qg4 61. h5 Kf6 62. a3 Qg7# 0-1

[Event "Hafnarfjordur op"]
[Site "Hafnarfjordur"]
[Date "1996.??.??"]
[Round "3"]
[White "Sahl, Bjarke"]
[Black "Einarsson, Einar Kristinn"]
[Result "1-0"]
[WhiteElo "2420"]
[BlackElo "2100"]
[PlyCount "73"]
[EventDate "1996.??.??"]
[EventType "swiss"]
[EventRounds "9"]
[EventCountry "ISL"]
[SourceTitle "EXT 1998"]
[Source "ChessBase"]
[SourceDate "1997.11.17"]
[SourceVersion "1"]
[SourceVersionDate "1997.11.17"]
[SourceQuality "1"]

1. e4 Nf6 2. e5 Nd5 3. d4 d6 4. Nf3 Bg4 5. Be2 e6 6. c4 Nb6 7. 0-0 Be7 8. h3 Bh5 9. Nc3 0-0 10. Be3 Nc6 11. exd6 cxd6 12. b3 d5 13. c5 Nc8 14. Rc1 Bxf3 15. Bxf3 Bf6 16. g4 g6 17. Bg2 g5 18. Ne2 N8e7 19. Qd2 Ng6 20. b4 a6 21. a4 Be7 22. Kh1 h5 23. f4 hxg4 24. f5 gxh3 25. Bxh3 Nh4 26. Ng3 e5 27. Nh5 f6 28. Qe2 e4 29. Rf4 Rf7 30. Rxh4 gxh4 31. Rg1+ Kf8 32. Nf4 Qd7 33. Qh5 Ke8 34. Rg8+ Bf8 35. Rxf8+ Kxf8 36. Qh8+ Ke7 37. Ng6# 1-0